Repositioning of the V4 Economy - and Slovakia's Weakening Position in It

Salvato in:
Dettagli Bibliografici
Autore principale: Morvay, Karol, 1973-
Altri autori: Hudcovský, Martin, 1988-
Natura: Capitolo di libro
Lingua:inglese
Soggetti:
Tags: Aggiungi Tag
Nessun Tag, puoi essere il primo ad aggiungerne!!

MARC

LEADER 00000naa a2200000 4500
001 0311899
005 20260126145115.5
041 0 |a eng 
044 |a HR 
245 1 0 |a Repositioning of the V4 Economy - and Slovakia's Weakening Position in It  |c Karol Morvay, Martin Hudcovský 
500 |a Abstrakt 
610 2 0 |a Vyšehradská štvorka 
610 2 0 |a stredná Európa 
610 2 0 |a východná Európa 
610 2 0 |a prostredie konkurenčné 
610 2 0 |a Slovensko 
610 2 0 |a ekonomika 
100 1 |a Morvay, Karol, 1973- 
700 1 |a Hudcovský, Martin, 1988-